ARRUPE JESUIT UNIVERSITY

CORONAVIRUS -STOP THE SPREAD - CLEAN,DISINFECT,COVER

Malawi's first republic : (Record no. 120403)

MARC details
000 -LEADER
fixed length control field 01160cam a22003134a 4500
001 - CONTROL NUMBER
control field 12824268
003 - CONTROL NUMBER IDENTIFIER
control field ARRUPE
005 - DATE AND TIME OF LATEST TRANSACTION
control field 20140409135112.0
008 - FIXED-LENGTH DATA ELEMENTS--GENERAL INFORMATION
fixed length control field 020619s2002 mdu bs 001 0 eng
010 ## - LIBRARY OF CONGRESS CONTROL NUMBER
LC control number 2002026730
020 ## - INTERNATIONAL STANDARD BOOK NUMBER
International Standard Book Number 0761823328 (pbk. : alk. paper)
020 ## - INTERNATIONAL STANDARD BOOK NUMBER
International Standard Book Number 076182362X (cloth : alk. paper)
040 ## - CATALOGING SOURCE
Original cataloging agency DLC
Transcribing agency DLC
Modifying agency DLC
042 ## - AUTHENTICATION CODE
Authentication code pcc
043 ## - GEOGRAPHIC AREA CODE
Geographic area code f-mw---
050 00 - LIBRARY OF CONGRESS CALL NUMBER
Classification number HC935
Item number .S57 2002
082 00 - DEWEY DECIMAL CLASSIFICATION NUMBER
Classification number 330.96897
Edition number 21
300 ## - PHYSICAL DESCRIPTION
Dimensions 23 cm.
100 1# - MAIN ENTRY--PERSONAL NAME
Personal name Sindima, Harvey J.
9 (RLIN) 9853
245 10 - TITLE STATEMENT
Title Malawi's first republic :
Remainder of title an economic and political analysis /
Statement of responsibility, etc Harvey J. Sindima.
260 ## - PUBLICATION, DISTRIBUTION, ETC. (IMPRINT)
Place of publication, distribution, etc Lanham, Md. :
Name of publisher, distributor, etc University Press of America,
Date of publication, distribution, etc c2002.
300 ## - PHYSICAL DESCRIPTION
Extent 260 p. ;
504 ## - BIBLIOGRAPHY, ETC. NOTE
Bibliography, etc Includes bibliographical references and index.
651 #0 - SUBJECT ADDED ENTRY--GEOGRAPHIC NAME
Geographic name Malawi
General subdivision Economic conditions.
9 (RLIN) 9854
651 #0 - SUBJECT ADDED ENTRY--GEOGRAPHIC NAME
Geographic name Malawi
General subdivision Politics and government
Chronological subdivision 1964-1994.
9 (RLIN) 9855
856 42 - ELECTRONIC LOCATION AND ACCESS
Materials specified Book review (H-Net)
Uniform Resource Identifier <a href="http://www.h-net.org/review/hrev-a0d2h2-aa">http://www.h-net.org/review/hrev-a0d2h2-aa</a>
906 ## - LOCAL DATA ELEMENT F, LDF (RLIN)
a 7
b cbc
c orignew
d 1
e ocip
f 20
g y-gencatlg
942 ## - ADDED ENTRY ELEMENTS (KOHA)
Source of classification or shelving scheme Library of Congress Classification
Koha item type Monograph ( Printed materials)
Holdings
Withdrawn status Lost status Source of classification or shelving scheme Damaged status Not for loan Collection code Home library Current library Shelving location Date acquired Total Checkouts Full call number Barcode Date last seen Price effective from Koha item type
    Library of Congress Classification     Main Collection ARRUPE LIBRARY ARRUPE LIBRARY Main Collection 09/04/2014   HC935 .S57 2002 46500001734 23/04/2018 09/04/2014 Monograph ( Printed materials)

 

Arrupe Library. PO Box MP320 Mt Pleasant, Harare, Zimbabwe
263 242 745411|librarian@aju.ac.zw